Metod linearizacii

Saved in:
Bibliographic Details
Main Author: Pšeničnyj, Boris Nikolajevič
Format: Book
Language:Russian
Published: Moskva Nauka 1983
Tags: Add Tag
No Tags, Be the first to tag this record!

MARC

LEADER 00000nam a2200000 4500
001 c116584
005 20041019155205.0
041 0 |a rus 
044 |a RU 
245 1 0 |a Metod linearizacii  |c Boris Nikolajevič Pšeničnyj 
264 1 |a Moskva  |b Nauka  |c 1983 
300 |a 135 s. 
100 1 |a Pšeničnyj, Boris Nikolajevič